[Event "Clutch Chess International - Quarti"]
[Site "Internet"]
[Date "09.06.2020"]
[Round "Q08"]
[White "Dominguez Perez, Leinier"]
[Black "Caruana, Fabiano"]
[Result "0-1"]
[WhiteTitle "GM"]
[BlackTitle "GM"]
[WhiteElo "2786"]
[BlackElo "2773"]
[EventDate "2020.06.06"]

1. e4 c6 2. d4 d5 3. e5 Bf5 4. h4 h5 5. Bd3 Bxd3 6. Qxd3 Qa5+ 7. Nd2 e6 8.
Nf3 Nh6 9. O-O Nf5 10. Nb3 Qb5 11. Qd1 c5 12. a4 Qb6 13. a5 Qb5 14. dxc5
Bxc5 15. Re1 a6 16. Nbd4 Nxd4 17. Nxd4 Bxd4 18. Qxd4 Nc6 19. Qf4 Qb4 20. c3
Qxf4 21. Bxf4 O-O-O 22. Be3 d4 23. cxd4 Rd5 24. Rec1 Kb8 25. Rc5 Rxc5 26.
dxc5 Rd8 27. Ra4 Kc8 28. Re4 Rd5 29. g4 hxg4 30. Rxg4 g6 31. f4 Kd7 32. h5
gxh5 33. Rg8 Nxa5 34. Rf8 Ke7 35. Rb8 Rd8 36. Rxd8 Kxd8 0-1

[Event "Clutch Chess International - Quarti"]
[Site "Internet"]
[Date "09.06.2020"]
[Round "Q09"]
[White "Grischuk, Alexander"]
[Black "Aronian, Levon"]
[Result "0-1"]
[WhiteTitle "GM"]
[BlackTitle "GM"]
[WhiteElo "2784"]
[BlackElo "2778"]
[EventDate "2020.06.06"]

1. d4 Nf6 2. c4 e6 3. Nf3 d5 4. g3 Be7 5. Bg2 O-O 6. Nc3 Nbd7 7. Qd3 b6 8.
cxd5 Nxd5 9. O-O Bb7 10. Rd1 N7f6 11. Nxd5 exd5 12. Bg5 h6 13. Bxf6 Bxf6
14. b4 c6 15. Rab1 b5 16. a4 bxa4 17. Ra1 a5 18. Rxa4 axb4 19. Rxb4 Ba6 20.
Qd2 Qe7 21. e3 Bc4 22. Rdb1 Ra2 23. Qc1 c5 24. dxc5 Qxc5 25. Bf1 Rc8 26.
Rb8 Ra8 27. Rxa8 Rxa8 28. Nd2 Rc8 29. Qc2 Qc6 30. Bh3 Ra8 31. Rc1 Ra3 32.
Qb1 Qa8 33. Bg2 Bd3 34. Qb4 Ra1 35. Rxa1 Qxa1+ 36. Bf1 Bc3 37. Qb3 d4 38.
exd4 Qc1 39. Qb8+ Kh7 40. Qf4 Bxd2 0-1

[Event "Clutch Chess International - Quarti"]
[Site "Internet"]
[Date "09.06.2020"]
[Round "Q09"]
[White "Caruana, Fabiano"]
[Black "Dominguez Perez, Leinier"]
[Result "0-1"]
[WhiteTitle "GM"]
[BlackTitle "GM"]
[WhiteElo "2773"]
[BlackElo "2786"]
[EventDate "2020.06.06"]

1. d4 Nf6 2. c4 e6 3. Nc3 Bb4 4. e3 O-O 5. Ne2 d5 6. a3 Bd6 7. c5 Be7 8.
Ng3 b6 9. b4 c6 10. Be2 a5 11. Bd2 Ba6 12. O-O Bxe2 13. Ngxe2 Nbd7 14. Qc2
Qc7 15. Rfc1 axb4 16. axb4 Qb7 17. f3 Rfe8 18. Be1 e5 19. Bg3 exd4 20. exd4
Nf8 21. Nf4 h6 22. Bf2 b5 23. Rxa8 Rxa8 24. Re1 Re8 25. Nd1 Bd8 26. Rxe8
Nxe8 27. Qa2 Nc7 28. Nb2 Nfe6 29. Ne2 h5 30. Nd3 g6 31. h4 Ng7 32. g3 Nce6
33. g4 Qc8 34. Kg2 Nf8 35. g5 Bc7 36. Qd2 Nf5 37. Nef4 Bxf4 38. Qxf4 Ne6
39. Qe5 Qa8 40. Nf4 Nxf4+ 41. Qxf4 Qe8 42. Kf1 Qe6 43. Qb8+ Kh7 44. Qc7 Kg7
45. Qf4 Kh7 46. Qc7 Ng7 47. Qf4 Qh3+ 48. Kg1 Qf5 49. Qxf5 Nxf5 50. Kg2 Kg8
51. Kh3 Kf8 52. Kg2 Ke7 53. Kh3 Ke6 54. Kg2 Ng7 55. Kg3 Kf5 56. Bg1 Ne6 57.
Be3 f6 58. gxf6 Kxf6 59. f4 Ng7 60. Kf3 Nf5 61. Bf2 Ke6 62. Ke2 Nh6 63. Kf3
Kf5 64. Be3 Ng4 65. Bg1 Nf6 66. Bf2 Ne4 67. Be1 Ke6 68. Ke2 Nf6 69. Bf2 Ne8
70. Kf3 Nc7 71. Be1 Kf6 72. Bg3 Kf5 73. Bf2 Na6 74. Be1 Nb8 75. Bd2 Nd7 76.
Be1 Nf8 77. Bf2 Nh7 78. Be3 Nf6 79. Bf2 Ng4 80. Bg1 Ke6 81. Ke2 Kf6 0-1

[Event "Clutch Chess International - Quarti"]
[Site "Internet"]
[Date "09.06.2020"]
[Round "Q10"]
[White "Aronian, Levon"]
[Black "Grischuk, Alexander"]
[Result "1/2-1/2"]
[WhiteTitle "GM"]
[BlackTitle "GM"]
[WhiteElo "2778"]
[BlackElo "2784"]
[EventDate "2020.06.06"]

1. d4 Nf6 2. c4 g6 3. Nc3 Bg7 4. e4 d6 5. Be2 O-O 6. Be3 Na6 7. h4 e5 8. d5
h5 9. Qd2 Nc5 10. f3 Bd7 11. Bd1 a5 12. b3 Qb8 13. Nge2 b5 14. cxb5 Bxb5
15. Nxb5 Qxb5 16. O-O Rfb8 17. Rc1 Kh7 18. Nc3 Qd3 19. Qxd3 Nxd3 20. Rc2
Bh6 21. Bxh6 Kxh6 22. Na4 Ra7 23. Be2 Nb4 24. Rd2 Nd7 25. Rc1 Rbb7 26. Kf2
f5 27. Ke3 f4+ 28. Kf2 g5 29. Rc6 Rb8 30. hxg5+ Kxg5 31. Rc3 Rbb7 32. g3
fxg3+ 33. Kxg3 h4+ 34. Kf2 Ra8 35. Rc1 Nf6 36. Rg1+ Kh6 37. Rh1 Kg5 38.
Rdd1 Nh5 39. f4+ exf4 40. Bxh5 Kxh5 41. Kf3 Rg8 42. Rxh4+ Kxh4 43. Rh1+ Kg5
44. Rg1+ Kf6 45. Rxg8 Nxa2 46. Kxf4 Nc1 47. Rf8+ Ke7 48. Rh8 Rxb3 49. Rh7+
Kd8 50. Kf5 Ne2 51. e5 Nd4+ 52. Ke4 Rb4 53. Rh8+ Kd7 54. Rh7+ Kc8 55. Nc3
Nb5+ 56. Kd3 Rb3 57. Rh8+ Kb7 58. e6 Rxc3+ 59. Kd2 Rc5 60. e7 Rxd5+ 61. Kc2
Re5 62. e8=Q Rxe8 63. Rxe8 d5 64. Kb3 Nd6 65. Rd8 Kc6 66. Ra8 Nc4 67. Rh8
Kb5 68. Rh7 c6 69. Rb7+ Kc5 70. Ka4 d4 71. Kb3 Nb6 72. Ra7 Kb5 73. Kc2 c5
74. Kd3 a4 75. Rh7 a3 76. Ra7 Na4 77. Rb7+ Kc6 78. Ra7 Kb5 79. Rb7+ Ka6 80.
Rb3 Nb2+ 81. Kc2 Nc4 82. Rb8 Ka7 83. Rb1 Ka6 84. Rb8 Na5 85. Rb1 c4 86. Rb4
a2 87. Ra4 Kb5 88. Rxa2 Nc6 89. Ra3 Kb4 90. Ra8 Kc5 91. Rc8 Kd5 92. Rc7 Ne5
93. Kd2 Ke4 94. Re7 Kd5 95. Rc7 Nc6 96. Kc2 Kd6 97. Rc8 Kc5 98. Rc7 Kd5 99.
Rc8 Ne7 100. Rd8+ Kc5 101. Re8 d3+ 102. Kd2 Nd5 103. Rh8 Nf6 104. Rd8 Ne4+
105. Ke3 Nd6 106. Kd2 Kd5 107. Kc3 Kc6 108. Rh8 Kd5 109. Rh5+ Ke4 110. Rh4+
Ke5 111. Rxc4 Nxc4 112. Kxd3 1/2-1/2

[Event "Clutch Chess International - Quarti"]
[Site "Internet"]
[Date "09.06.2020"]
[Round "Q10"]
[White "Dominguez Perez, Leinier"]
[Black "Caruana, Fabiano"]
[Result "0-1"]
[WhiteTitle "GM"]
[BlackTitle "GM"]
[WhiteElo "2786"]
[BlackElo "2773"]
[EventDate "2020.06.06"]

1. e4 c6 2. d4 d5 3. e5 Bf5 4. h4 h5 5. Bd3 Bxd3 6. Qxd3 Qa5+ 7. Nd2 e6 8.
Nf3 Nh6 9. O-O Nf5 10. a4 Qa6 11. c4 Bb4 12. b3 c5 13. Ba3 Nc6 14. dxc5
Bxd2 15. Nxd2 Nxe5 16. Qe2 Ng4 17. b4 O-O 18. b5 Qa5 19. cxd5 exd5 20. Qd3
Nxh4 21. c6 Rfe8 22. cxb7 Rab8 23. Nb3 Qd8 24. Nc5 Ng6 25. Qg3 N4e5 26.
Rae1 h4 27. Qe3 d4 28. Qe4 h3 29. g3 d3 30. Na6 d2 31. Rd1 f5 32. Qxf5 Rxb7
33. Qxh3 Nf3+ 34. Kg2 Qd5 35. Nb4 Qe4 36. Qh5 Ne1+ 37. Kh3 Qg2+ 38. Kg4
Qf3+ 0-1

[Event "Clutch Chess International - Quarti"]
[Site "Internet"]
[Date "09.06.2020"]
[Round "Q11"]
[White "Grischuk, Alexander"]
[Black "Aronian, Levon"]
[Result "1-0"]
[WhiteTitle "GM"]
[BlackTitle "GM"]
[WhiteElo "2784"]
[BlackElo "2778"]
[EventDate "2020.06.06"]

1. d4 Nf6 2. c4 e6 3. Nc3 Bb4 4. e3 O-O 5. Bd3 c5 6. Ne2 cxd4 7. exd4 d5 8.
cxd5 Nxd5 9. Bc2 Nc6 10. Qd3 Qh4 11. Bg5 Qh5 12. g4 Qg6 13. Qd2 f5 14. Rg1
e5 15. gxf5 Bxf5 16. Bb3 Be6 17. Be7 Qf5 18. Bxf8 Rxf8 19. O-O-O Nxc3 20.
Bxe6+ Qxe6 21. bxc3 Ba3+ 22. Kb1 Rxf2 23. d5 Qf5+ 24. Ka1 Na5 25. d6 Nc6
26. d7 Be7 27. Qd5+ Qf7 28. Ng3 Qxd5 29. Rxd5 Kf7 30. Rf1 Rxf1+ 31. Nxf1
Ke6 32. c4 Bd8 33. Kb2 Nb8 34. Ng3 Nxd7 35. Nf5 Nb6 36. Nxg7+ Ke7 37. Nf5+
Ke6 38. Rxd8 Kxf5 39. Kc3 Na4+ 40. Kb4 b5 41. cxb5 Nb6 42. a4 Ke6 43. a5
Nd5+ 44. Kc5 Nf6 45. b6 axb6+ 46. axb6 1-0

[Event "Clutch Chess International - Quarti"]
[Site "Internet"]
[Date "09.06.2020"]
[Round "Q11"]
[White "Caruana, Fabiano"]
[Black "Dominguez Perez, Leinier"]
[Result "1/2-1/2"]
[WhiteTitle "GM"]
[BlackTitle "GM"]
[WhiteElo "2773"]
[BlackElo "2786"]
[EventDate "2020.06.06"]

1. d4 Nf6 2. c4 e6 3. g3 d5 4. Bg2 dxc4 5. Qa4+ Nbd7 6. Qxc4 c5 7. Nc3 Nb6
8. Qb5+ Bd7 9. Qd3 cxd4 10. Qxd4 Rc8 11. Bxb7 Bc5 12. Qf4 Rb8 13. Bg2 O-O
14. Nf3 Nbd5 15. Nxd5 Nxd5 16. Qe4 Bb4+ 17. Kf1 Qc7 18. h3 Rfc8 19. Kg1 Bc5
20. e3 Nf6 21. Qc2 Qb6 22. Qd1 Rd8 23. Kh2 Bc6 24. Qe2 Bb5 25. Qe1 Bc6 26.
a4 Qa6 27. Qf1 Bb5 28. Qe1 Bc6 29. Qf1 Bb5 30. axb5 Qxa1 31. Ne5 Rbc8 32.
Nc6 Rd7 33. Qc4 Bb6 34. Ne7+ Rxe7 35. Qxc8+ Re8 36. Qc2 Qa5 37. Bc6 Rd8 38.
Qc3 Qa4 39. b3 Qa5 40. Qxa5 Bxa5 41. Kg2 Bb6 42. Bb2 Rd2 43. Bd4 Bxd4 44.
exd4 Ra2 45. Rc1 g5 46. Rc4 Ra3 47. Ra4 Rxb3 48. Rxa7 h5 49. Rb7 Kg7 50.
Bf3 Kg6 51. Bc6 Kg7 52. b6 Nd5 53. Be8 Rxb6 54. Rxf7+ Kh6 55. Rf3 Rd6 56.
Rf7 Rd8 57. Bc6 Kg6 58. Rb7 Nf6 59. Rb4 Rd6 60. Bf3 g4 61. Be2 Nd5 62. Rc4
Nf6 63. h4 Nd5 64. Bd3+ Kf7 65. Rc5 Nf6 66. Rc4 Rd5 67. Bc2 Rd6 68. Kf1 Nd5
69. Ke2 Ra6 70. Bd3 Ra2+ 71. Rc2 Ra4 72. Rc4 Ra2+ 73. Ke1 Kf6 74. Rc8 Ra4
75. Rc4 Ra2 76. Bc2 Ne7 77. Kd2 Nf5 78. Kc3 Ra3+ 79. Kd2 Ra2 80. Rb4 Ra3
81. Bb1 Rf3 82. Ke2 Ra3 83. Bxf5 exf5 84. Rb6+ Kg7 85. d5 Ra5 86. d6 Kf6
87. d7+ Ke7 88. Rd6 Kd8 89. Rd3 Re5+ 90. Re3 Ra5 91. Re8+ Kxd7 92. Rh8 f4
93. gxf4 Ke6 94. Rg8 Ra2+ 95. Kf1 Kf5 96. Rf8+ Ke4 97. Kg2 Ra5 98. Rf7 Rb5
99. Rf8 Rf5 100. Rxf5 Kxf5 101. Kg3 Ke4 102. f5 Kxf5 103. f3 gxf3 104. Kxf3
Ke5 105. Ke3 Kf5 106. Kf3 Ke5 107. Ke3 Kf5 108. Kf3 1/2-1/2

[Event "Clutch Chess International - Quarti"]
[Site "Internet"]
[Date "09.06.2020"]
[Round "Q12"]
[White "Aronian, Levon"]
[Black "Grischuk, Alexander"]
[Result "1-0"]
[WhiteTitle "GM"]
[BlackTitle "GM"]
[WhiteElo "2778"]
[BlackElo "2784"]
[EventDate "2020.06.06"]

1. e4 c5 2. Nf3 d6 3. Nc3 Nf6 4. d4 cxd4 5. Qxd4 Nc6 6. Qe3 d5 7. Bb5 Nxe4
8. Nd4 Bd7 9. Nxe4 dxe4 10. Bxc6 bxc6 11. Qxe4 Qa5+ 12. Bd2 Qd5 13. Qe3 c5
14. Ne2 e6 15. Bc3 Bc6 16. f3 Be7 17. Nf4 Qf5 18. h4 Bd6 19. Ne2 Qxc2 20.
Rd1 Be7 21. Nf4 O-O 22. O-O Rfd8 23. Rc1 Qa4 24. Nxe6 fxe6 25. Qxe6+ Kf8
26. Bxg7+ Kxg7 27. Qxe7+ Kg8 28. Qe6+ Kh8 29. Rc4 1-0

[Event "Clutch Chess International - Quarti"]
[Site "Internet"]
[Date "09.06.2020"]
[Round "Q12"]
[White "Dominguez Perez, Leinier"]
[Black "Caruana, Fabiano"]
[Result "1/2-1/2"]
[WhiteTitle "GM"]
[BlackTitle "GM"]
[WhiteElo "2786"]
[BlackElo "2773"]
[EventDate "2020.06.06"]

1. e4 c6 2. d4 d5 3. e5 Bf5 4. h4 h5 5. Bd3 Bxd3 6. Qxd3 Qa5+ 7. Nd2 e6 8.
Nf3 Nh6 9. O-O Nf5 10. Nb3 Qb5 11. Qd1 c5 12. dxc5 Bxc5 13. Bg5 Nc6 14. a4
Qb6 15. c3 a6 16. Nxc5 Qxc5 17. Re1 Qc4 18. Nd2 Qc5 19. Rc1 b5 20. Ra1 Rc8
21. axb5 Qxb5 22. b3 Qd3 23. c4 Ncd4 24. Rxa6 O-O 25. Qxh5 Nxb3 26. Nxb3
Qxb3 27. cxd5 Qxd5 28. Raa1 Rc4 29. Rad1 Qc6 30. Rc1 Rxc1 31. Rxc1 Qe4 32.
Rd1 Nd4 33. Be3 Nf5 34. Bg5 Nd4 35. Be3 Nf5 36. Bg5 1/2-1/2

[Event "Clutch Chess International - Semifinali"]
[Site "Internet"]
[Date "11.06.2020"]
[Round "S01"]
[White "Carlsen, Magnus"]
[Black "Aronian, Levon"]
[Result "1-0"]
[WhiteTitle "GM"]
[BlackTitle "GM"]
[WhiteElo "2881"]
[BlackElo "2778"]
[EventDate "2020.06.06"]

1. Nf3 d5 2. g3 Nf6 3. Bg2 e6 4. O-O Be7 5. d3 O-O 6. Nbd2 a5 7. c4 a4 8.
Ne5 Nbd7 9. Ndf3 c5 10. Bf4 d4 11. Nxd7 Nxd7 12. e4 b5 13. b3 Qb6 14. Rb1
axb3 15. axb3 Bb7 16. h4 Bc6 17. h5 Ra2 18. Bh3 Rfa8 19. Ne5 Nxe5 20. Bxe5
Bd7 21. h6 g6 22. Qf3 Qd8 23. Bg7 b4 24. e5 Bf8 25. Bxf8 Kxf8 26. Bg2 R8a6
27. Qf4 Bc6 28. Bxc6 Rxc6 29. Rfe1 Rca6 30. Re4 Rc2 31. Qf3 Raa2 32. Rf1
Rcb2 33. Rf4 Qc7 34. Rg4 Qxe5 35. Re4 Qh5 36. Qf6 Qxh6 37. Rxe6 1-0

[Event "Clutch Chess International - Semifinali"]
[Site "Internet"]
[Date "11.06.2020"]
[Round "S01"]
[White "Caruana, Fabiano"]
[Black "So, Wesley"]
[Result "0-1"]
[WhiteTitle "GM"]
[BlackTitle "GM"]
[WhiteElo "2773"]
[BlackElo "2741"]
[EventDate "2020.06.06"]

1. d4 Nf6 2. c4 e6 3. Nc3 Bb4 4. Qc2 O-O 5. e4 d5 6. e5 Ne4 7. a3 Bxc3+ 8.
bxc3 c5 9. f3 Qh4+ 10. g3 Nxg3 11. hxg3 Qxh1 12. Qf2 Qh5 13. Bd3 f6 14.
exf6 Rxf6 15. g4 Qf7 16. Qh4 g6 17. Bg5 Nd7 18. Kf2 dxc4 19. Bxc4 cxd4 20.
cxd4 b5 21. Bxb5 Bb7 22. Qg3 Rf8 23. Bxf6 Nxf6 24. Kg2 h5 25. gxh5 Nxh5 26.
Qg4 Nf4+ 27. Kf2 e5 28. Ne2 Bxf3 29. Kxf3 Qb3+ 30. Kf2 Qxb5 31. Ke1 Kg7 32.
Ng3 Qb2 0-1

[Event "Clutch Chess International - Semifinali"]
[Site "Internet"]
[Date "11.06.2020"]
[Round "S02"]
[White "Aronian, Levon"]
[Black "Carlsen, Magnus"]
[Result "0-1"]
[WhiteTitle "GM"]
[BlackTitle "GM"]
[WhiteElo "2778"]
[BlackElo "2881"]
[EventDate "2020.06.06"]

1. e4 Nf6 2. e5 Nd5 3. c4 Nb6 4. d4 d6 5. exd6 cxd6 6. Nc3 g6 7. Be3 Bg7 8.
h3 O-O 9. Nf3 Nc6 10. d5 Na5 11. Bd4 Bxd4 12. Qxd4 e5 13. dxe6 Bxe6 14. Ne4
Nc6 15. Nf6+ Kh8 16. Qf4 Bf5 17. Ng4 Re8+ 18. Be2 Bd3 19. Ne3 Bxe2 20. Kxe2
d5 21. Ng5 Qe7 22. Rhe1 d4 23. Kf1 dxe3 24. Rxe3 Qd7 25. Nxf7+ Kg7 26. Rf3
Qd4 27. Nd6 Re7 28. Qxd4+ Nxd4 29. Rd3 Nc6 30. b3 Nd7 31. Rad1 Nc5 32. R3d2
a5 33. g3 a4 34. Rb2 Nb4 35. bxa4 Rxa4 36. a3 Nbd3 37. Rb3 Nxb3 0-1

[Event "Clutch Chess International - Semifinali"]
[Site "Internet"]
[Date "11.06.2020"]
[Round "S02"]
[White "So, Wesley"]
[Black "Caruana, Fabiano"]
[Result "1-0"]
[WhiteTitle "GM"]
[BlackTitle "GM"]
[WhiteElo "2741"]
[BlackElo "2773"]
[EventDate "2020.06.06"]

1. e4 e5 2. Nf3 Nf6 3. Nxe5 d6 4. Nf3 Nxe4 5. Nc3 Nxc3 6. dxc3 Be7 7. Be3
O-O 8. Qd2 Nd7 9. O-O-O Nf6 10. Bd3 Re8 11. Kb1 Bd7 12. Rhe1 c5 13. Bg5 h6
14. Bxf6 Bxf6 15. Be4 Qb6 16. Ka1 Bc6 17. Bd5 Rad8 18. h4 Rxe1 19. Rxe1
Bxd5 20. Qxd5 Qc6 21. Qxc6 bxc6 22. g4 Kf8 23. Kb1 d5 24. Kc1 c4 25. g5
hxg5 26. hxg5 Be7 27. Rg1 c5 28. b3 cxb3 29. axb3 Rd6 30. Kd2 Bd8 31. Kd3
Re6 32. Nd2 Re5 33. f4 Rf5 34. Rg4 Bc7 35. Ke3 f6 36. Nf3 fxg5 37. Nxg5 Ke7
38. Nf3 Kf6 39. Rh4 Kf7 40. Ng5+ Ke7 41. Nf3 a5 42. Nd2 Ke6 43. c4 Bd8 44.
Rg4 Bf6 45. cxd5+ Rxd5 46. Nc4 Kf5 47. Kf3 Rd4 48. Ne3+ Ke6 49. Rg2 a4 50.
bxa4 Rxa4 51. Re2 Kd6 52. Rd2+ Kc6 53. Rg2 Ra7 54. c4 Kd6 55. Nd5 Ke6 56.
Ke4 Bd4 57. Rg6+ Kf7 58. Rc6 g6 59. Nc7 Ra1 60. Ne6 Re1+ 61. Kd5 Be3 62.
Ng5+ Kg7 63. Rc7+ Kg8 64. Ne6 Kh8 65. Nf8 Rg1 66. Ke4 Bd4 67. Rc8 Re1+ 68.
Kd5 Rd1 69. Ne6+ Kh7 70. Nxc5 Ba1+ 71. Ke6 Rf1 72. Nd3 Rf3 73. Rd8 Re3+ 74.
Kf7 Re4 75. c5 Rc4 76. Ke6 Rc2 77. Rd5 Kg7 78. Kd7 1-0

[Event "Clutch Chess International - Semifinali"]
[Site "Internet"]
[Date "11.06.2020"]
[Round "S03"]
[White "Carlsen, Magnus"]
[Black "Aronian, Levon"]
[Result "1/2-1/2"]
[WhiteTitle "GM"]
[BlackTitle "GM"]
[WhiteElo "2881"]
[BlackElo "2778"]
[EventDate "2020.06.06"]

1. c4 Nf6 2. Nc3 e5 3. g3 Bb4 4. e4 Bxc3 5. bxc3 O-O 6. f3 Re8 7. Nh3 c6 8.
Nf2 d5 9. cxd5 cxd5 10. Bg2 b6 11. O-O Ba6 12. Re1 Nc6 13. d3 h6 14. exd5
Nxd5 15. f4 Rc8 16. c4 Nf6 17. fxe5 Rxe5 18. Rxe5 Nxe5 19. Bb2 Ned7 20. Qa4
Nc5 21. Qa3 Bb7 22. Bxb7 Nxb7 23. Qxa7 Nc5 24. Qa3 h5 25. Re1 Ng4 26. Nxg4
hxg4 27. Qc3 f6 28. Re3 Qd7 29. Qd4 Rd8 30. Qxd7 Rxd7 31. d4 Na4 32. Ba1
Rc7 33. c5 bxc5 34. Ra3 cxd4 35. Bxd4 Rc4 36. Be3 Nc3 37. Kf1 Kh7 38. Ke1
Kg6 39. Ra7 Rb4 40. Kd2 Nd5 41. Bc5 Rb2+ 42. Kd3 Rxh2 43. Rd7 Rh5 44. Bf8
Re5 45. Kd4 Nb6 46. Rxg7+ Kf5 47. Ra7 Re4+ 48. Kd3 Nc4 49. Bh6 Ne5+ 50. Kc3
Rc4+ 51. Kb3 Rd4 52. Rc7 Ke4 53. a4 Rd3+ 54. Rc3 Rxc3+ 55. Kxc3 Kd5 56. Bg7
Nf3 57. Bxf6 Nh2 58. Kb4 Kc6 59. Bd4 Kb7 60. Bg1 Nf3 61. Bf2 Nh2 62. Kb5
Ka8 63. a5 Kb7 64. a6+ Ka8 65. Kc6 Nf1 66. Kd5 Nxg3 67. Bxg3 Ka7 68. Ke4
Kxa6 69. Kf4 Kb5 70. Kxg4 1/2-1/2

[Event "Clutch Chess International - Semifinali"]
[Site "Internet"]
[Date "11.06.2020"]
[Round "S03"]
[White "Caruana, Fabiano"]
[Black "So, Wesley"]
[Result "1/2-1/2"]
[WhiteTitle "GM"]
[BlackTitle "GM"]
[WhiteElo "2773"]
[BlackElo "2741"]
[EventDate "2020.06.06"]

1. e4 e5 2. Nf3 Nc6 3. Bb5 Nf6 4. O-O Nxe4 5. Re1 Nd6 6. Bf1 Be7 7. Nc3 Nf5
8. Nxe5 Nxe5 9. Rxe5 d6 10. Re1 d5 11. d4 O-O 12. Ne2 c6 13. c3 Re8 14. Bf4
Bd6 15. Qd2 Bd7 16. Ng3 Qc7 17. Bxd6 Qxd6 18. a4 a5 19. Nh5 Qh6 20. Qxh6
Nxh6 21. Nf4 Nf5 22. Nd3 Nd6 23. Rxe8+ Bxe8 24. f3 b6 25. Kf2 f6 26. h4 Bg6
27. b3 Kf7 28. Rc1 Bxd3 29. Bxd3 c5 30. h5 f5 31. Re1 c4 32. Bc2 Rc8 33.
Re5 cxb3 34. Bxb3 Rxc3 35. Bxd5+ Kf8 36. h6 gxh6 37. Re6 Nc4 38. Bxc4 Rxc4
39. Ke3 Rxa4 40. Rxb6 Kg7 41. Ra6 h5 42. g3 f4+ 43. Kxf4 Rxd4+ 44. Ke5 Rd3
45. Ke4 Ra3 46. Kf4 a4 47. Kg5 Rxf3 48. Ra7+ Kg8 49. Rxa4 Rxg3+ 50. Kxh5
Rf3 51. Ra8+ Rf8 52. Rxf8+ Kxf8 53. Kh4 Ke8 54. Kh3 Kd8 55. Kh4 h5 56. Kxh5
1/2-1/2

[Event "Clutch Chess International - Semifinali"]
[Site "Internet"]
[Date "11.06.2020"]
[Round "S04"]
[White "Aronian, Levon"]
[Black "Carlsen, Magnus"]
[Result "1/2-1/2"]
[WhiteTitle "GM"]
[BlackTitle "GM"]
[WhiteElo "2778"]
[BlackElo "2881"]
[EventDate "2020.06.06"]

1. e4 c5 2. Nf3 Nc6 3. Bb5 e6 4. O-O Nge7 5. d4 cxd4 6. Nxd4 a6 7. Nxc6
bxc6 8. Be2 Ng6 9. c4 Bc5 10. Nc3 Ba7 11. Kh1 O-O 12. f4 f5 13. e5 Qc7 14.
Qd3 Rd8 15. Rd1 Bb7 16. Be3 c5 17. Qd6 Qc8 18. Na4 Bc6 19. b3 Qb7 20. Bf1
Rac8 21. Qd2 Bxa4 22. bxa4 Qc6 23. Rab1 Bb8 24. Be2 Nh4 25. Bh5 Qxa4 26.
Qf2 Ng6 27. Bxg6 hxg6 28. Bxc5 Qxc4 29. Bb6 Bc7 30. h3 Bxb6 31. Rxb6 a5 32.
Rbd6 Qa4 33. Kh2 g5 34. R1d4 Rc4 35. fxg5 Kf7 36. g6+ Kxg6 37. Qh4 Rxd4 38.
Rxd4 Qb5 39. Qg3+ Kf7 40. Rh4 Qc5 41. Rh7 Rg8 42. h4 Qd4 43. h5 Kf8 44. Kh3
a4 45. Qa3+ Kf7 46. Qg3 Kf8 47. Qa3+ Ke8 48. Qg3 f4 49. Qg6+ Kf8 50. Qg5
Qd3+ 51. Kh4 Qxh7 52. Qd8+ Kf7 53. Qxd7+ Kf8 54. Qd8+ Kf7 55. Qd7+ Kf8 56.
Qd8+ Kf7 57. Qd7+ 1/2-1/2

[Event "Clutch Chess International - Semifinali"]
[Site "Internet"]
[Date "11.06.2020"]
[Round "S04"]
[White "So, Wesley"]
[Black "Caruana, Fabiano"]
[Result "1/2-1/2"]
[WhiteTitle "GM"]
[BlackTitle "GM"]
[WhiteElo "2741"]
[BlackElo "2773"]
[EventDate "2020.06.06"]

1. e4 e5 2. Nf3 Nf6 3. d4 Nxe4 4. Bd3 Nc6 5. dxe5 d5 6. exd6 Nxd6 7. O-O
Be7 8. Nc3 Be6 9. Re1 O-O 10. Bf4 Bf6 11. Bxd6 cxd6 12. Ne4 Be7 13. Qd2 h6
14. Ng3 Bf6 15. c3 Ne5 16. Nd4 Nxd3 17. Qxd3 Be5 18. Nxe6 fxe6 19. Re2 Rf7
20. Ne4 Qe7 21. Rd1 Rd8 22. Nd2 Qh4 23. g3 Qg4 24. f3 Qa4 25. b3 Qd7 26.
Rde1 Qc7 27. c4 Qa5 28. b4 Qb6+ 29. Kg2 Qd4 30. Re3 Qxd3 31. Rxd3 Rfd7 32.
f4 Bf6 33. Rxe6 Kf7 34. Re2 d5 35. c5 Rc7 36. Nb3 b6 37. Red2 bxc5 38. Nxc5
d4 39. Kf3 a5 40. a3 axb4 41. axb4 Be7 42. Ne4 Rc4 43. b5 Rb4 44. g4 Bf6
45. Ra2 Rxb5 46. Ra7+ Be7 47. h4 Kf8 48. g5 Rb6 49. f5 hxg5 50. hxg5 Rb1
51. Kf4 Rf1+ 52. Kg4 Re1 53. Kf4 Rf1+ 54. Kg4 Re1 55. Kf4 1/2-1/2

[Event "Clutch Chess International - Semifinali"]
[Site "Internet"]
[Date "11.06.2020"]
[Round "S05"]
[White "Carlsen, Magnus"]
[Black "Aronian, Levon"]
[Result "1-0"]
[WhiteTitle "GM"]
[BlackTitle "GM"]
[WhiteElo "2881"]
[BlackElo "2778"]
[EventDate "2020.06.06"]

1. c4 Nf6 2. Nc3 e5 3. g3 Bb4 4. e4 Bxc3 5. dxc3 d6 6. f3 Be6 7. Nh3 a5 8.
a4 O-O 9. b3 Na6 10. Ng5 Bd7 11. Be3 Nc5 12. Ra2 Ra6 13. Rd2 Rb6 14. Bxc5
dxc5 15. Bh3 h6 16. Bxd7 hxg5 17. h4 Rd6 18. Rxd6 cxd6 19. Bf5 Nh5 20. Kf2
g6 21. Bg4 Nf6 22. Qd2 Nxg4+ 23. fxg4 Kg7 24. h5 Rh8 25. Ke2 f6 26. Kd1 Qd7
27. Qe2 b6 28. Qf3 Rh6 29. Kc2 Qe6 30. Kb2 Qd7 31. Ka3 Qe6 32. Rd1 Rh8 33.
Rd5 Rd8 34. Rd2 Rd7 35. Rh2 Rd8 36. hxg6 Kxg6 37. Qh1 Qg8 38. Rh6+ Kf7 39.
Qh5+ Ke6 40. Rg6 Qf7 41. Qxg5 Ke7 42. Qf5 Rg8 43. Rh6 Rg5 44. Qc8 Rg8 45.
Qc7+ Ke6 46. Qc6 Re8 1-0

[Event "Clutch Chess International - Semifinali"]
[Site "Internet"]
[Date "11.06.2020"]
[Round "S05"]
[White "Caruana, Fabiano"]
[Black "So, Wesley"]
[Result "0-1"]
[WhiteTitle "GM"]
[BlackTitle "GM"]
[WhiteElo "2773"]
[BlackElo "2741"]
[EventDate "2020.06.06"]

1. e4 e5 2. Nf3 Nc6 3. Bc4 Bc5 4. b4 Bxb4 5. c3 Be7 6. d4 Na5 7. Bd3 d6 8.
dxe5 dxe5 9. Nxe5 Nf6 10. O-O O-O 11. Qc2 Bd6 12. Nf3 Nc6 13. Bg5 h6 14.
Bh4 g5 15. Bg3 Bxg3 16. hxg3 g4 17. Nh4 Ne5 18. Be2 Re8 19. Nd2 b6 20. Rad1
Qe7 21. Rfe1 Be6 22. Nf1 Rad8 23. Ne3 Qc5 24. Nef5 Rxd1 25. Rxd1 h5 26. Rd4
Qf8 27. Qd2 Nh7 28. a4 Nc6 29. Nh6+ Kg7 30. N4f5+ Kg6 31. Bd3 Ng5 32. Qf4
f6 33. Bb5 Nxd4 34. Bxe8+ Qxe8 35. cxd4 Bxf5 36. Nxf5 Qxe4 37. Nh4+ Kf7 38.
Qxc7+ Qe7 39. Qc4+ Qe6 40. d5 Qd6 41. Qd3 Qe5 42. Qg6+ Ke7 43. Nf5+ Kd8 44.
Kh2 Ne4 45. Qg8+ Kd7 46. Qf7+ Kd8 47. Ng7 h4 48. Ne6+ Kc8 49. Qg8+ Kb7 50.
Qh7+ Ka6 51. Qxh4 Nxf2 52. Qh8 Qe1 53. Nc5+ Ka5 0-1